01531 2200397 4500001002100000005001500021035002000036007000300056008004100059020002200100082001700122084001900139100003900158245031200197250003400509300004300543650002300586700003200609700003200641700003300673700003100706700004000737700004300777700003900820700003300859264004200892336002100934337003000955338002300985040002201008090002201030850001201052504002501064999002201089990002201111INLIS00000000088400520240219115301 a0010-0224000552ta240219s2023 yoia g ind d a978-623-236-378-6 4223a297.1226 a297.1226 AHM a0 aAhmed Zaranggi Ar RidhoePengarang10aAl-qur'an, hadis, dan, sosial budaya :bapresiasi atas gagasan Prof. Dr. Saifuddin Zuhri Qudsy, S.Th.I., MA. /cAhmed Zaranggi Ar Ridho, Ahmad Murtaza MZ, M. Riyan Hidayat, Matsna Afwi Nadia, Miftahur Rohmah, Abdul Aziz Fatkhurrohman, Muhammad Rouf Didi Sutriadi, Ekatul Hilwatis Sakinah, Egi Tanadi Taufik aCetakan pertama, Oktober 2023 axix, 169 halaman :bilustrasi ;c21 cm 4aAl-Quran--xTafsir0 aAhmad Murtaza MZePengarang0 aM. Riyan HidayatePengarang0 aMatsna Afwi NadiaePengarang0 aMiftahur RohmahePengarang0 aAbdul Aziz FatkhurrohmanePengarang0 aMuhammad Rouf Didi SutriadiePengarang0 aEkatul Hilwatis SakinahePengarang0 aEgi Tanadi TaufikePengarang31aYogyakarta :bPustaka Pelajar,c2023 2rdacontentateks 2rdamediaatanpa perantara 2rdacarrieravolume aYOPDYOGbinderda aCB-D.11 2023-3505 aYOPDYOG aTermasuk Bibliografi aCB-D.11/2023-3505 aCB-D.11/2023-3505